| 000 | 00949nam a2200229 i 4500 | ||
|---|---|---|---|
| 001 | bg | ||
| 245 | 0 | 0 |
_aPolski system oceny zgodności i kontrola wyrobów podlegających dyrektywom nowego podejścia : _bprzewodnik / _cUrząd Ochrony Konkurencji i Konsumentów. |
| 250 | _aStan prawny na dzień 1.08.2005 r. | ||
| 260 |
_aWarszawa : _bUrząd Ochrony Konkurencji i Konsumentów, _c2005. |
||
| 300 |
_a94 s. : _bil. ; _c25 cm. |
||
| 650 | 9 |
_aBezpieczeństwo produktu _xprawo wspólnotowe europejskie _ystan na 2005 r. |
|
| 650 | 9 |
_aCertyfikacja zgodności _xprawo _zPolska _ystan na 2005 r. |
|
| 650 | 9 |
_aJakość produktu _xprawo wspólnotowe europejskie _ystan na 2005 r. |
|
| 650 | 9 | _aOznaczenie CE | |
| 710 | 1 |
_aPolska. _bUrząd Rady Ministrów. _bUrząd Ochrony Konkurencji i Konsumentów. |
|
| 040 | _cBPK | ||
| 041 | 0 | _apol | |
| 044 | _aPOL | ||
| 080 | _a346.54:006.06(438:4-67) | ||
| 942 | _cKS | ||
| 008 | 100823s2005 pl a |000 0 pol | ||
| 999 |
_c49607 _d49607 |
||
| 856 |
_uhttp://koha.tu.koszalin.pl/cgi-bin/koha/opac-detail.pl?biblionumber=49607 _yKatalog online BPK |
||